000 00436nam a2200157Ia 4500
008 230917s9999||||xx |||||||||||||| ||und||
020 _cRS25
040 _e23137
_aMAIN
041 _aEnglish
082 _a330.1 S92D
100 _aShukla, Angiras
245 0 _aDynamic models and possibility of their application to planned economic development
260 _aNew Delhi
_bAbhinav Publications
_c1972
300 _a207 p.
942 _cBK
999 _c50992
_d50992